Statistics for Football Youngsters #1

Click here to take the quiz!

General Stats

  • This quiz has been taken 24 times
  • The average score is 10 of 14

Answer Stats

Answer% Correct
Jude Bellingham
100%
Pedri
100%
Jamal Musiala
82%
Alphonso Davies
77%
Eduardo Camavinga
77%
Rodrygo
73%
Harvey Elliot
64%
Gio Reyna
59%
Ryan Gravenberch
59%
Sandro Tonali
59%
Anthony Gordon
55%
Cole Palmer
55%
Youssoufa Moukoko
50%
Fabio Silva
41%

Score Distribution

Percentile by Number Answered

Percent of People with Each Score

Your Score History

You have not taken this quiz